DESIGN OF MACHINE TOOLS (Record no. 735658)

MARC details
000 -LEADER
fixed length control field 00236nam a2200097Ia 4500
008 - FIXED-LENGTH DATA ELEMENTS--GENERAL INFORMATION
fixed length control field 230508s9999 xx 000 0 und d
041 ## - LANGUAGE CODE
Language code of text/sound track or separate title eng
100 ## - MAIN ENTRY--PERSONAL NAME
Personal name CHOUDHARI S K
245 ## - TITLE STATEMENT
Title DESIGN OF MACHINE TOOLS
260 ## - PUBLICATION, DISTRIBUTION, ETC.
Name of publisher, distributor, etc. ALL IND.COUNCIL FOR

No items available.